| 000 | 00400 a2200133 4500 | ||
|---|---|---|---|
| 001 | 91584 | ||
| 082 | _aPR 1547 | ||
| 090 |
_c43733 _d43732 |
||
| 100 | _aWaqas Ahmed Jamali; Prof Sikander Hayat and Farooq-e-Azam, Advisors | ||
| 245 |
_aAudio Analysis Using Digital Signal Processing (DSP) Techniques _n54 "B" EC |
||
| 260 |
_aRawalpindi _bNUST _c2001 |
||
| 300 | _a90p | ||
| 500 | _aBE Project Reports | ||
| 942 |
_aCAE NUST _kPR 1547 |
||
| 999 |
_c326657 _d326657 |
||